[Event "Wiesbaden op 31st"]
[Site "Wiesbaden"]
[Date "2019.08.22"]
[Round "1"]
[White "Sitta, Stefan"]
[Black "Yaghy, Ritta"]
[Result "0-1"]
[WhiteElo "1613"]
[BlackElo "1989"]
[PlyCount "64"]
[EventDate "2019.08.22"]
[EventType "swiss"]
[EventRounds "7"]
[EventCountry "GER"]
[SourceTitle "EXT 2020"]
[Source "ChessBase"]
[SourceDate "2019.10.17"]
[SourceVersion "1"]
[SourceVersionDate "2019.10.17"]
[SourceQuality "1"]

1. e4 c5 2. Nc3 d6 3. f4 e6 4. Nf3 a6 5. a4 Nc6 6. Bc4 Qc7 7. d3 Nf6 8. 0-0 Be7 9. Qe1 0-0 10. e5 Ne8 11. Qg3 d5 12. Bb3 Nb4 13. Na2 c4 14. Nxb4 cxb3 15. c3 a5 16. Nxd5 exd5 17. Kh1 f6 18. Re1 fxe5 19. fxe5 Ra6 20. Nd4 Rg6 21. Qe3 Bc5 22. Qe2 Bg4 23. Qe3 Qf7 24. Bd2 Bxd4 25. Qxd4 Be6 26. Be3 Qf5 27. Bg1 Qg4 28. Qxg4 Bxg4 29. h3 Bf5 30. d4 Nc7 31. Re3 Ne6 32. Rc1 Be4 0-1

[Event "Wiesbaden op 30th"]
[Site "Wiesbaden"]
[Date "2018.08.25"]
[Round "5"]
[White "Ringeltaube, Denny"]
[Black "Sitta, Stefan"]
[Result "1/2-1/2"]
[WhiteElo "1718"]
[BlackElo "1487"]
[PlyCount "82"]
[EventDate "2018.08.23"]
[EventType "swiss"]
[EventRounds "7"]
[EventCountry "GER"]
[SourceTitle "CBM 186 Extra"]
[Source "ChessBase"]
[SourceDate "2018.08.24"]
[SourceVersion "1"]
[SourceVersionDate "2018.08.24"]
[SourceQuality "1"]

1. e4 e6 2. d4 d5 3. exd5 exd5 4. Bd3 Nf6 5. Nf3 Bd6 6. 0-0 0-0 7. h3 h6 8. Nbd2 b6 9. Re1 c5 10. c3 Ba6 11. Bxa6 Nxa6 12. Nf1 Nc7 13. Ne5 Ne6 14. Nh2 cxd4 15. cxd4 Rc8 16. Nhg4 Bxe5 17. Nxe5 Qd6 18. Be3 Nd7 19. Qg4 Nxe5 20. dxe5 Qxe5 21. Bxh6 Qxb2 22. Rad1 Qf6 23. Be3 Rfd8 24. h4 Rc2 25. Rd2 Qb2 26. Rxc2 Qxc2 27. h5 Qc3 28. Rc1 Qf6 29. h6 Qg6 30. Qa4 d4 31. Bd2 a5 32. hxg7 Nc5 33. Qb5 d3 34. Rxc5 bxc5 35. Qxc5 Qxg7 36. Qxa5 Rb8 37. g3 Rb1+ 38. Kg2 Qg6 39. Qd8+ Kh7 40. Qh4+ Kg8 41. Qd8+ Kh7 1/2-1/2

[Event "Wiesbaden op 30th"]
[Site "Wiesbaden"]
[Date "2018.08.25"]
[Round "4"]
[White "Sitta, Stefan"]
[Black "Maleski, Heinz"]
[Result "1-0"]
[WhiteElo "1487"]
[BlackElo "1667"]
[PlyCount "41"]
[EventDate "2018.08.23"]
[EventType "swiss"]
[EventRounds "7"]
[EventCountry "GER"]
[SourceTitle "CBM 186 Extra"]
[Source "ChessBase"]
[SourceDate "2018.08.24"]
[SourceVersion "1"]
[SourceVersionDate "2018.08.24"]
[SourceQuality "1"]

1. e4 c5 2. Nc3 Nc6 3. f4 g6 4. Nf3 Bg7 5. Bc4 a6 6. a4 e6 7. 0-0 Nge7 8. d3 0-0 9. Qe1 b6 10. f5 exf5 11. Qh4 Ne5 12. Bg5 Re8 13. Nd5 Nxc4 14. Nxe7+ Rxe7 15. Bxe7 Qe8 16. dxc4 d6 17. exf5 Bxf5 18. Rae1 Qc6 19. Bf6 Be6 20. Bxg7 Kxg7 21. Ng5 1-0

[Event "Heusenstamm Sparkassen op-B 4th"]
[Site "Heusenstamm"]
[Date "2017.11.24"]
[Round "2"]
[White "Lochmann, Tobias"]
[Black "Sitta, Stefan"]
[Result "0-1"]
[WhiteElo "1251"]
[BlackElo "1502"]
[PlyCount "44"]
[EventDate "2017.11.23"]
[EventType "swiss"]
[EventRounds "7"]
[EventCountry "GER"]
[SourceTitle "EXT 2019"]
[Source "ChessBase"]
[SourceDate "2018.10.10"]
[SourceVersion "1"]
[SourceVersionDate "2018.10.10"]
[SourceQuality "1"]

1. c4 c5 2. Nc3 Nc6 3. e4 d6 4. d3 g6 5. Nf3 Bg7 6. Bd2 Nf6 7. Nd5 0-0 8. Bc3 e5 9. Be2 Nxd5 10. cxd5 Nd4 11. Nxd4 exd4 12. Bd2 f5 13. 0-0 Be5 14. g3 f4 15. g4 f3 16. Bxf3 Qh4 17. Re1 Qxh2+ 18. Kf1 Qh3+ 19. Ke2 Qxf3+ 20. Kf1 Qh1+ 21. Ke2 Bxg4+ 22. f3 Qxf3# 0-1

[Event "Heusenstamm Sparkassen op-B 4th"]
[Site "Heusenstamm"]
[Date "2017.11.23"]
[Round "1"]
[White "Sitta, Stefan"]
[Black "Becker, Ralph"]
[Result "0-1"]
[WhiteElo "1502"]
[BlackElo "1753"]
[PlyCount "66"]
[EventDate "2017.11.23"]
[EventType "swiss"]
[EventRounds "7"]
[EventCountry "GER"]
[SourceTitle "EXT 2019"]
[Source "ChessBase"]
[SourceDate "2018.10.10"]
[SourceVersion "1"]
[SourceVersionDate "2018.10.10"]
[SourceQuality "1"]

1. f4 d5 2. Nf3 Nf6 3. g3 c5 4. Bg2 Nc6 5. 0-0 e6 6. d3 Be7 7. Qe1 b5 8. e4 dxe4 9. dxe4 Qb6 10. Nc3 c4+ 11. Be3 Bc5 12. Bxc5 Qxc5+ 13. Kh1 b4 14. Nd1 0-0 15. e5 Nd5 16. Qe4 Nce7 17. Ng5 g6 18. Qe2 h6 19. Ne4 Qb6 20. Nf6+ Kg7 21. g4 Qc7 22. h4 Bb7 23. g5 h5 24. Nxh5+ gxh5 25. Qxh5 Rh8 26. Qg4 Nf5 27. h5 Rxh5+ 28. Kg1 Rh4 29. Qf3 Rxf4 30. Qxf4 Nxf4 31. Rxf4 Bxg2 32. Kxg2 Qxe5 33. Rf1 Qg3+ 0-1

[Event "Wiesbaden op 29th"]
[Site "Wiesbaden"]
[Date "2017.08.27"]
[Round "6"]
[White "Schomann, Michael"]
[Black "Sitta, Stefan"]
[Result "1-0"]
[WhiteElo "1705"]
[BlackElo "1314"]
[PlyCount "67"]
[EventDate "2017.08.24"]
[EventType "swiss"]
[EventRounds "7"]
[EventCountry "GER"]
[SourceTitle "CBM 180 Extra"]
[Source "ChessBase"]
[SourceDate "2017.10.06"]
[SourceVersion "1"]
[SourceVersionDate "2017.10.06"]
[SourceQuality "1"]

1. d4 f5 2. c4 Nf6 3. Nc3 e6 4. h3 b6 5. Bf4 Bb7 6. e3 Be7 7. Nf3 d6 8. Bd3 Nbd7 9. 0-0 0-0 10. Bh2 Qe8 11. Nb5 Bd8 12. Bxd6 a6 13. Bxf8 axb5 14. Ba3 bxc4 15. Bxc4 Nd5 16. Rc1 Kh8 17. Bb5 g5 18. Ne5 N5f6 19. f3 h5 20. g4 hxg4 21. fxg4 fxg4 22. hxg4 Ra5 23. Nxd7 Rxb5 24. Nxf6 Bxf6 25. Rxf6 Kg7 26. Rf8 Qd7 27. Qf1 Rf5 28. gxf5 c5 29. fxe6 Qxe6 30. Qf7+ Qxf7 31. Rxf7+ Kxf7 32. dxc5 bxc5 33. Bxc5 Ke6 34. a4 1-0